Učitavanje...

Handbook of poverty in India Perspectives, policies and programmes /

Bibliografski detalji
Glavni autor: Radhakrishnan, R.
Daljnji autori: Ray , Shovan (Urednik)
Jezik:Undetermined
Izdano: Delhi : Oxford University Press , 2005.
Teme:
LEADER 00674nam a2200193Ia 4500
001 144996
008 170722s9999 xx 000 0 und d
020 |a 0195675134 
100 |a Radhakrishnan, R. 
245 |a Handbook of poverty in India  |b Perspectives, policies and programmes / 
260 |a Delhi :  |b Oxford University Press ,  |c 2005. 
300 |a 18 p. 
653 |a India 
653 |a Poverty 
700 |a Ray , Shovan  |e editor. 
923 |d 20051027  |n MBC-1661/0 
942 |c GEN 
999 |c 131550  |d 131550 
952 |0 0  |1 0  |4 0  |6 Y_434_2_000000000000000_P5  |7 0  |9 185856  |a LIB  |b LIB  |d 2013-03-25  |e Modern Book Centre  |l 5  |o Y:434.2 P5  |p 258925  |r 2019-04-02  |s 2019-03-25  |v 650.00  |w 2017-08-12  |y GEN